000 00681nam a2200229Ia 4500
005 20250508163620.0
008 008 250505s9999 xx 000 0 eng d
020 _a0-205-15039-X
037 _aReference
040 _aFEDL
_beng
_cFEDL
041 _aeng
_2eng
084 _a370.193, GRO
_qFEDL
100 _aGrossman Herbert
_9149521
245 0 _aGender issues in education
260 _aBoston, USA
_bAllyn and Bacon
_c1994
300 _axv,207p
365 _aUSD
_b25
650 _aEducation - Sociology; Sex discrimination in education
_9775769
700 _a Grossman Suzanne H.
_9775770
942 _cREF
_h370.193, GRO
999 _c1384361
_d1384361